[Event "Rodovremesterskabet Gruppe A 2006"]
[Site "Rodovre"]
[Date "2006.10.24"]
[Round "7"]
[White "Smidt, Johnny"]
[Black "Hansen, Rasmus Agertoft"]
[Result "0-1"]
[WhiteElo "1736"]
[BlackElo "1889"]
[PlyCount "71"]
[EventDate "2006.??.??"]
[SourceDate "2005.11.09"]

1. e4 e6 2. d4 d5 3. Nd2 dxe4 4. Nxe4 Nd7 5. c3 Ngf6 6. Bd3 Be7 7. Qe2 b6 8.
Nf3 Bb7 9. O-O O-O 10. Rd1 Rc8 11. Bf4 Nd5 12. Bd2 c5 13. dxc5 Bxc5 14. Rac1
Qe7 15. a3 Rfd8 16. Bb1 Qf8 17. Nfg5 N5f6 18. Bf4 h6 19. Nf3 Nd5 20. Bg3 Be7
21. Rd2 f5 22. Nd4 fxe4 23. Nxe6 Qf7 24. Bxe4 N7f6 25. Nxd8 Bxd8 26. Bf5 Rc6
27. Rcd1 Bc8 28. Bxc8 Rxc8 29. c4 Bc7 30. cxd5 Bxg3 31. hxg3 Kh8 32. d6 Re8 33.
Qd3 Qh5 34. d7 Rd8 35. Qf3 Ng4 36. Qf8+ 0-1